BIBLIOTECA

SENCICO

Manual de construcción de caminos de tierra con utilización intensiva de mano de obra (Registro nro. 3322)

Detalles MARC
000 -LEADER
fixed length control field 00725nam a2200193Ia 4500
005 - DATE AND TIME OF LATEST TRANSACTION
control field 20251020182610.0
008 - FIXED-LENGTH DATA ELEMENTS--GENERAL INFORMATION
fixed length control field 200515s9999 xx 000 0 und d
082 ## - DEWEY DECIMAL CLASSIFICATION NUMBER
Classification number SC/625.75/T33
100 ## - MAIN ENTRY--PERSONAL NAME
Personal name TEJEIRO, Ramón
245 #0 - TITLE STATEMENT
Title Manual de construcción de caminos de tierra con utilización intensiva de mano de obra
260 ## - PUBLICATION, DISTRIBUTION, ETC.
Place of publication, distribution, etc. Lima
260 ## - PUBLICATION, DISTRIBUTION, ETC.
Date of publication, distribution, etc. 1993
300 ## - PHYSICAL DESCRIPTION
Extent 102
520 ## - SUMMARY, ETC.
Summary, etc. Pretende servir al técnico medio para, utilizando técnicas sencillas, tener una secuencia clara de las actividades necesarias para organizar los equipos de trabajo que ejecuten, correctamente, carreteras, caminos o calles de tierra
650 ## - SUBJECT ADDED ENTRY--TOPICAL TERM
Topical term or geographic name entry element CAMINOS
650 ## - SUBJECT ADDED ENTRY--TOPICAL TERM
Topical term or geographic name entry element CARRETERAS
650 ## - SUBJECT ADDED ENTRY--TOPICAL TERM
Topical term or geographic name entry element CONSTRUCCIONES EN TIERRA
942 ## - ADDED ENTRY ELEMENTS (KOHA)
Koha item type Libros
Existencias
Fecha de la última vez que lo usaron Pago total Signatura topográfica completa Código de barras Precio efectivo desde Tipo de documento Estado perdido Estado dañado No es para préstamo Retirado Ubicación permanente Ubicación actual Fecha de adquisición
15/05/2020   SC/625.75/T33 Bib-Lima15053322 15/05/2020 Libros         Biblioteca Central Lima Biblioteca Central Lima 15/05/2020